000
00348 a2200169 4500
001
68841
020
_a
8532900488
040
_c
Anchieta - Itaigara
100
_a
Palhares, Simone Claret
240
1
0
_a
Por quê?
_l
por
245
1
0
_a
Por quê?
300
_a
15
362
0
_a
1996
440
1
_a
Lê
650
4
_a
Literatura infantil
942
_c
BK
999
_c
68841
_d
68841